Περιπλανήσεις και εμμονές
Αποθηκεύτηκε σε:
| Κύριος συγγραφέας: | |
|---|---|
| Μορφή: | Βιβλίο |
| Γλώσσα: | Greek |
| Δημοσίευση: |
Αθήνα :
Λιβάνη,
c1997
|
| Θέματα: | |
| Ετικέτες: |
Προσθήκη ετικέτας
Δεν υπάρχουν, Καταχωρήστε ετικέτα πρώτοι!
|
MARC
| LEADER | 00000nam a2200000 i 4500 | ||
|---|---|---|---|
| 001 | 1/79769 | ||
| 008 | 050701s1997 gre d | ||
| 020 | |a 960-236-822-5 | ||
| 035 | |l 10078846 | ||
| 040 | |a GR-MY-UA |b gre |e aacr | ||
| 041 | 0 | |a gre | |
| 082 | 0 | |a 121 |2 (22) | |
| 100 | 1 | |a Μεταξόπουλος, Αιμίλιος. | |
| 245 | 1 | 0 | |a Περιπλανήσεις και εμμονές / |c Αιμίλιος Μεταξόπουλος |
| 260 | |a Αθήνα : |b Λιβάνη, |c c1997 | ||
| 300 | |a 624 σ.; |c 24 εκ. | ||
| 650 | 0 | 0 | |a Knowledge, Theory of. |
| 650 | 0 | 0 | |a Science |x Philosophy. |
| 650 | 0 | 0 | |a Political science |x Philosophy. |
| 650 | 0 | 0 | |a Historiography. |
| 852 | |a INST |b SYROS |e 20050701 |h 121 ΜΕΤ |p 005500004287 |q 005500004287 |t BK |y 0 | ||
| 901 | |a BIBL5-2005-2 | ||
| 909 | |a Ε |b 111628 | ||
| 920 | |a ΔΙΕΥΡΥΝΣΗ |b ΕΠΕΑΕΚ-ΤΜΣΠΣ |y ΣΥΡΟΣ |z 2004-10 | ||
| 970 | |a ΤΣΟΥΚΑΛΑ |b ΑΛΙΚΗ |z 2005/07/01 | ||